000 00898cab a2200301 4500
001 ABS50811
008 090401t1994 xxu||||| |||| 00| 0 eng d
035 _a(Sirsi) u55831
041 _aeng
100 _aCatt, R.
245 _aPreserving parliament
260 _c1994
350 _a0
490 _aCSM (Chartered Surveyor Monthly)
_v3(9) June 1994, 17(1)
520 _aReports on restoration of the Palace of Westminster as an example of the role surveyors play in the preservation of Britain`s historic buildings.
650 _aCLIPSHAM
650 _aENGLISH HERITAGE
650 _aFIDLER J.
650 _aHISTORIC BUILDINGS
650 _aPALACE OF WESTMINSTER
650 _aRESTORATION
650 _aRICS BUILDING SURVEYORS NATIONAL BRIEFING
650 _aSTONE REPAIR
690 _aRefurbishment
_96264
690 _aCONSERVATION
942 _n0
948 _c04/03/1997
999 _c34127
_d34127